000 00778nas a2200241 4500
001 BR9703659
003 BR-BrBNA
005 20231205100355.0
007 ta
008 230509b bl.|||p| |||| 00| 00por d
040 _aBR-BrBNA
_bpor
_cBiblioteca Nacional de Agricultura
041 _a(En)
072 _aM12; L50
100 1 _aRanzani-Paiva, M.J.T.
100 1 _aIshikawa, C.M.
245 1 _aHaematological characteristics of freshwa ter-reared and wild Mullet, Migul platanus Gunther (Osteichthyes, Mugilidae)
650 _aTainha
650 _aHematologia
650 _aAgricultura
773 0 _tRevista Brasileira de Zoologia (Brazil)
_xISSN 0101-8175
_g(Sep 1996), v. 13 p. 561-568
_wBR9703659
909 _a202311
_bLúcia
_c55
_dLúcia Elande
942 _2AGRIS
_n0
_cANA
999 _c155654
_d155654